Police, Crime and Politics: Memoirs of an IGP (Record no. 63399)

000 -LEADER
fixed length control field 00484nam a22001817a 4500
003 - CONTROL NUMBER IDENTIFIER
control field NUST - PNEC
005 - DATE AND TIME OF LATEST TRANSACTION
control field 20170116180812.0
008 - FIXED-LENGTH DATA ELEMENTS--GENERAL INFORMATION
fixed length control field 150504b xxu||||| |||| 00| 0 eng d
020 ## - INTERNATIONAL STANDARD BOOK NUMBER
International Standard Book Number 9694022886
040 ## - CATALOGING SOURCE
Transcribing agency LIBRARY
082 ## - DEWEY DECIMAL CLASSIFICATION NUMBER
Classification number 363.292 JAM
100 ## - MAIN ENTRY--PERSONAL NAME
9 (RLIN) 3421
Personal name Jamy, Hafiz S D
245 ## - TITLE STATEMENT
Title Police, Crime and Politics: Memoirs of an IGP
Statement of responsibility, etc. Haifiz S D Jamy
260 ## - PUBLICATION, DISTRIBUTION, ETC.
Place of publication, distribution, etc. Islamabad:
Name of publisher, distributor, etc. Vanguard:
Date of publication, distribution, etc. 1997
300 ## - PHYSICAL DESCRIPTION
Extent 336 p.:
650 ## - SUBJECT ADDED ENTRY--TOPICAL TERM
9 (RLIN) 3422
Topical term or geographic name entry element Crime
General subdivision General
942 ## - ADDED ENTRY ELEMENTS (KOHA)
Source of classification or shelving scheme
Koha item type Book
Holdings
Withdrawn status Lost status Source of classification or shelving scheme Damaged status Not for loan Permanent Location Current Location Shelving location Date acquired Cost, normal purchase price Total Checkouts Full call number Barcode Date last seen Cost, replacement price Price effective from Koha item type
          Pakistan Navy Engineering College (PNEC) Pakistan Navy Engineering College (PNEC)   05/03/1998 395.00   363.292 JAM PNECLIB-019950 05/04/2015 395.00 05/04/2015 Book
          Pakistan Navy Engineering College (PNEC) Pakistan Navy Engineering College (PNEC)   03/08/2002 395.00   363.292 JAM PNECLIB-025657 05/04/2015 395.00 05/04/2015 Book
© 2023 Central Library, National University of Sciences and Technology. All Rights Reserved.